000 00733nam a2200241Ia 4500
003 OSt
005 20220926010517.0
006 a|||||r|||| 00| 0
007 ta
008 220923b |||||||| |||| 00| 0 eng d
037 _cGeneral Book
040 _aRTL
_cRTL
_beng
041 _2eng
_aeng
082 _aY59244.3217.273.N8, M8
100 _aSingh K B K
_9312447
245 0 _aMarriage and famil system of Rajputs
_bA study of tradition and change
260 _a New Delhi
_bWisdom Publications
_c1988
300 _aix,223p
_ccm.
500 _aBibiliography P 214-23
650 _aKshatriya
_9230120
942 _hY59244.3217.273.N8, M8
_cGB
_2CC
999 _c617442
_d617442